Learning to Rreason : (Record no. 188514)

000 -LEADER
fixed length control field 01083 a2200253 4500
003 - CONTROL NUMBER IDENTIFIER
control field Nust
005 - DATE AND TIME OF LATEST TRANSACTION
control field 20220729120355.0
010 ## - LIBRARY OF CONGRESS CONTROL NUMBER
LC control number 00023492
020 ## - INTERNATIONAL STANDARD BOOK NUMBER
International Standard Book Number 047137122X (hardcover : alk. paper)
040 ## - CATALOGING SOURCE
Transcribing agency Nust
082 00 - DEWEY DECIMAL CLASSIFICATION NUMBER
Classification number 511.3,ROD
100 1# - MAIN ENTRY--PERSONAL NAME
Personal name Rodgers, Nancy,
9 (RLIN) 95764
245 10 - TITLE STATEMENT
Title Learning to Rreason :
Remainder of title an Introduction to Logic, Sets and Relations /
Statement of responsibility, etc. Nancy Rodgers.
260 ## - PUBLICATION, DISTRIBUTION, ETC.
Place of publication, distribution, etc. New York :
Name of publisher, distributor, etc. Wiley,
Date of publication, distribution, etc. 2000.
300 ## - PHYSICAL DESCRIPTION
Extent xv, 437 p. :
Other physical details ill. ;
Dimensions 25 cm.
505 ## - FORMATTED CONTENTS NOTE
Formatted contents note Logical Reasoning (Page-1), Writing our Reasoning (Page-109), Sets- The Building Blocks (Page-213), Relations -The Art (Page-309), Selected Answers (Page-406).
650 #0 - SUBJECT ADDED ENTRY--TOPICAL TERM
Topical term or geographic name entry element Logic, Symbolic and mathematical.
9 (RLIN) 36546
650 #0 - SUBJECT ADDED ENTRY--TOPICAL TERM
Topical term or geographic name entry element Proof theory.
9 (RLIN) 82454
650 #0 - SUBJECT ADDED ENTRY--TOPICAL TERM
Topical term or geographic name entry element Set theory.
9 (RLIN) 39088
856 42 - ELECTRONIC LOCATION AND ACCESS
Materials specified Contributor biographical information
Uniform Resource Identifier <a href="http://www.loc.gov/catdir/bios/wiley043/00023492.html">http://www.loc.gov/catdir/bios/wiley043/00023492.html</a>
856 42 - ELECTRONIC LOCATION AND ACCESS
Materials specified Publisher description
Uniform Resource Identifier <a href="http://www.loc.gov/catdir/description/wiley035/00023492.html">http://www.loc.gov/catdir/description/wiley035/00023492.html</a>
856 42 - ELECTRONIC LOCATION AND ACCESS
Materials specified Table of Contents
Uniform Resource Identifier <a href="http://www.loc.gov/catdir/toc/onix06/00023492.html">http://www.loc.gov/catdir/toc/onix06/00023492.html</a>
942 ## - ADDED ENTRY ELEMENTS (KOHA)
Koha item type Reference
Source of classification or shelving scheme
Holdings
Withdrawn status Lost status Source of classification or shelving scheme Damaged status Not for loan Permanent Location Current Location Shelving location Date acquired Full call number Barcode Date last seen Price effective from Koha item type Public note
          Military College of Signals (MCS) Military College of Signals (MCS) Reference 12/12/2016 511.3,ROD MCS28241 12/08/2016 12/12/2016 Reference Almirah No.19, Shelf No.3
© 2023 Central Library, National University of Sciences and Technology. All Rights Reserved.